[Event "Senior Women Russian Championship 2022_HL"]
[Site "Saint-Petersburg, Russia"]
[Date "2022.09.29"]
[Round "6.4"]
[White "Solomonova, Lidiya"]
[Black "Sazonova, Elena N."]
[Result "0-1"]
[TimeControl "Standard: 90min/40moves+30min/end+30sec increment per move starting from move 1"]
[WhiteElo "2168"]
[BlackElo "2120"]

1. e4 {[%clk 01:30:49]} {[%emt 00:00:10]} c5 {[%clk 01:30:58]} {[%emt
00:00:02]} 2. c3 {[%clk 01:31:14]} {[%emt 00:00:05]} Nf6 {[%clk 01:31:26]}
{[%emt 00:00:02]} 3. e5 {[%clk 01:31:42]} {[%emt 00:00:02]} Nd5 {[%clk
01:31:55]} {[%emt 00:00:01]} 4. d4 {[%clk 01:32:08]} {[%emt 00:00:04]} cxd4
{[%clk 01:32:23]} {[%emt 00:00:02]} 5. Qxd4 {[%clk 01:32:37]} {[%emt 00:00:02]}
e6 {[%clk 01:32:50]} {[%emt 00:00:03]} 6. Nf3 {[%clk 01:33:04]} {[%emt
00:00:02]} Nc6 {[%clk 01:33:18]} {[%emt 00:00:02]} 7. Qe4 {[%clk 01:33:33]}
{[%emt 00:00:02]} f5 {[%emt 00:00:04]} 8. Qe2 {[%clk 01:33:59]} Be7 {[%clk
01:34:14]} {[%emt 00:00:02]} 9. c4 {[%clk 01:34:28]} {[%emt 00:00:02]} Nc7
{[%clk 01:34:43]} 10. Nc3 {[%clk 01:34:56]} {[%emt 00:00:03]} O-O {[%clk
01:35:02]} {[%emt 00:00:10]} 11. Bf4 {[%clk 01:35:24]} {[%emt 00:00:02]} g5
{[%clk 01:35:30]} {[%emt 00:00:02]} 12. Bd2 {[%clk 01:35:50]} {[%emt 00:00:03]}
g4 {[%clk 01:35:58]} {[%emt 00:00:03]} 13. Ng1 {[%clk 01:36:18]} d6 {[%clk
01:36:25]} {[%emt 00:00:03]} 14. h3 {[%clk 01:36:44]} {[%emt 00:00:04]} Nxe5
{[%clk 01:36:53]} {[%emt 00:00:03]} 15. hxg4 {[%clk 01:37:09]} {[%emt
00:00:06]} Nxg4 {[%clk 01:37:21]} 16. O-O-O {[%clk 01:37:35]} {[%emt 00:00:04]}
e5 {[%clk 01:37:49]} {[%emt 00:00:02]} 17. f3 {[%clk 01:38:03]} {[%emt
00:00:02]} Nf6 {[%clk 01:38:17]} {[%emt 00:00:01]} 18. Qf2 {[%clk 01:38:22]}
{[%emt 00:00:11]} Kh8 {[%clk 01:38:44]} {[%emt 00:00:03]} 19. Qh4 {[%clk
01:38:50]} {[%emt 00:00:03]} Rf7 {[%clk 01:39:11]} {[%emt 00:00:02]} 20. Bd3
{[%clk 01:39:19]} {[%emt 00:00:02]} Qg8 {[%clk 01:39:39]} {[%emt 00:00:02]} 21.
Qh2 {[%clk 01:39:46]} {[%emt 00:00:02]} Rg7 {[%clk 01:39:50]} {[%emt 00:00:19]}
22. g4 {[%clk 01:40:14]} {[%emt 00:00:02]} fxg4 {[%clk 01:40:10]} {[%emt
00:00:10]} 23. fxg4 {[%clk 01:40:40]} {[%emt 00:00:05]} Nxg4 {[%clk 01:40:37]}
{[%emt 00:00:02]} 24. Qe2 {[%clk 01:40:57]} {[%emt 00:00:14]} Ne6 {[%clk
01:41:02]} {[%emt 00:00:05]} 25. Nf3 {[%clk 01:41:23]} {[%emt 00:00:03]} Nc5
{[%clk 01:41:31]} {[%emt 00:00:02]} 26. Bc2 {[%clk 01:41:51]} {[%emt 00:00:02]}
Be6 {[%clk 01:41:58]} {[%emt 00:00:02]} 27. Ng5 {[%clk 01:42:18]} {[%emt
00:00:03]} Bxg5 {[%clk 01:42:24]} {[%emt 00:00:04]} 28. Bxg5 {[%clk 01:42:43]}
{[%emt 00:00:06]} Rf7 {[%clk 01:42:51]} {[%emt 00:00:03]} 29. Qd2 {[%clk
01:43:11]} {[%emt 00:00:01]} Bf5 {[%clk 01:43:19]} {[%emt 00:00:03]} 30. Rdg1
{[%clk 01:43:39]} {[%emt 00:00:02]} Bxc2 {[%clk 01:43:45]} {[%emt 00:00:03]} 31.
Rxg4 {[%clk 01:44:06]} {[%emt 00:00:03]} Bg6 {[%clk 01:44:11]} {[%emt
00:00:03]} 32. Qxd6 {[%clk 01:44:34]} {[%emt 00:00:04]} Nd3+ {[%clk 01:44:38]}
{[%emt 00:00:02]} 33. Kd2 {[%clk 01:45:02]} {[%emt 00:00:02]} Rf2+ {[%clk
01:45:07]} {[%emt 00:00:02]} 34. Ne2 {[%clk 01:45:29]} {[%emt 00:00:02]} Qf7
{[%clk 01:45:34]} {[%emt 00:00:03]} 35. Be3 {[%clk 01:45:57]} {[%emt 00:00:03]}
Rf6 {[%clk 01:46:02]} {[%emt 00:00:02]} 36. Qd5 {[%clk 01:46:25]} {[%emt
00:00:01]} Qc7 {[%clk 01:46:30]} {[%emt 00:00:03]} 37. Bg5 {[%clk 01:46:53]}
{[%emt 00:00:02]} Rd6 {[%clk 01:46:58]} {[%emt 00:00:02]} 38. Qf3 {[%clk
01:47:19]} {[%emt 00:00:03]} Nf2+ {[%clk 01:47:27]} {[%emt 00:00:01]} 39. Kc1
{[%clk 01:47:48]} {[%emt 00:00:03]} Nxh1 {[%clk 01:47:54]} {[%emt 00:00:02]} 40.
Qxh1 {[%clk 02:18:15]} {[%emt 00:00:02]} Qd7 {[%clk 02:18:18]} {[%emt
00:00:07]} 0-1

[Event "Senior Women Russian Championship 2022_HL"]
[Site "Saint-Petersburg, Russia"]
[Date "2022.09.29"]
[Round "6.9"]
[White "Sorokina, Tamara"]
[Black "Chernikova, Svetlana"]
[Result "1/2-1/2"]
[TimeControl "Standard: 90min/40moves+30min/end+30sec increment per move starting from move 1"]
[WhiteElo "2028"]
[BlackElo "2008"]

1. d4 {[%clk 01:30:52]} {[%emt 00:00:07]} g6 {[%clk 01:30:59]} {[%emt
00:00:02]} 2. Nd2 {[%clk 01:31:20]} {[%emt 00:00:02]} Bg7 {[%clk 01:31:27]}
{[%emt 00:00:02]} 3. Ngf3 {[%clk 01:31:47]} {[%emt 00:00:03]} d6 {[%clk
01:31:56]} {[%emt 00:00:01]} 4. e4 {[%clk 01:32:14]} {[%emt 00:00:03]} e5
{[%clk 01:32:24]} {[%emt 00:00:01]} 5. c3 {[%clk 01:32:42]} {[%emt 00:00:02]}
Ne7 {[%clk 01:32:53]} {[%emt 00:00:02]} 6. Bd3 {[%clk 01:33:10]} {[%emt
00:00:02]} O-O {[%clk 01:33:20]} {[%emt 00:00:03]} 7. dxe5 {[%clk 01:33:39]}
{[%emt 00:00:02]} dxe5 {[%clk 01:33:46]} {[%emt 00:00:03]} 8. Nc4 {[%clk
01:34:05]} {[%emt 00:00:03]} Nbc6 {[%clk 01:34:14]} {[%emt 00:00:02]} 9. O-O
{[%clk 01:34:33]} {[%emt 00:00:02]} h6 {[%clk 01:34:42]} {[%emt 00:00:02]} 10.
Qe2 {[%clk 01:35:01]} {[%emt 00:00:02]} Be6 {[%clk 01:35:03]} {[%emt 00:00:09]}
11. Rd1 {[%clk 01:35:29]} {[%emt 00:00:02]} Qc8 {[%clk 01:35:32]} {[%emt
00:00:02]} 12. Be3 {[%clk 01:35:57]} {[%emt 00:00:02]} Re8 {[%clk 01:35:57]}
{[%emt 00:00:05]} 13. Bc5 {[%clk 01:36:22]} {[%emt 00:00:05]} a5 {[%clk
01:36:25]} {[%emt 00:00:02]} 14. Ne3 {[%clk 01:36:50]} {[%emt 00:00:01]} b6
{[%clk 01:36:53]} {[%emt 00:00:02]} 15. Bxe7 {[%clk 01:37:17]} {[%emt
00:00:03]} Nxe7 {[%clk 01:37:16]} {[%emt 00:00:08]} 16. Bc4 {[%clk 01:37:45]}
{[%emt 00:00:02]} c6 {[%clk 01:37:44]} {[%emt 00:00:02]} 17. Rd2 {[%clk
01:38:13]} {[%emt 00:00:02]} b5 {[%clk 01:38:13]} {[%emt 00:00:01]} 18. Bxe6
{[%clk 01:38:41]} {[%emt 00:00:02]} Qxe6 {[%clk 01:38:41]} {[%emt 00:00:01]} 19.
a3 {[%clk 01:39:08]} {[%emt 00:00:05]} Rad8 {[%clk 01:39:09]} {[%emt 00:00:01]}
20. Rad1 {[%clk 01:39:35]} {[%emt 00:00:02]} Rxd2 {[%clk 01:39:37]} {[%emt
00:00:02]} 21. Qxd2 {[%clk 01:40:03]} {[%emt 00:00:02]} Nc8 {[%clk 01:40:05]}
{[%emt 00:00:02]} 22. c4 {[%clk 01:40:32]} {[%emt 00:00:02]} bxc4 {[%clk
01:40:34]} {[%emt 00:00:01]} 23. Qxa5 {[%clk 01:41:00]} {[%emt 00:00:02]} Nd6
{[%clk 01:41:02]} 24. Nd2 {[%clk 01:41:26]} {[%emt 00:00:04]} f5 {[%clk
01:41:29]} {[%emt 00:00:03]} 25. Qc3 {[%clk 01:41:54]} {[%emt 00:00:02]} fxe4
{[%clk 01:41:57]} {[%emt 00:00:02]} 26. Ndxc4 {[%clk 01:42:20]} {[%emt
00:00:05]} Nb5 {[%clk 01:42:26]} {[%emt 00:00:01]} 27. Qc2 {[%clk 01:42:47]}
{[%emt 00:00:03]} Nd4 {[%clk 01:42:53]} {[%emt 00:00:03]} 28. Qxe4 {[%clk
01:43:15]} {[%emt 00:00:01]} h5 {[%clk 01:43:21]} {[%emt 00:00:03]} 29. Re1
{[%clk 01:43:41]} {[%emt 00:00:04]} Rd8 {[%clk 01:43:47]} {[%emt 00:00:03]} 30.
h3 {[%clk 01:44:08]} {[%emt 00:00:04]} Qf6 {[%clk 01:44:16]} {[%emt 00:00:01]}
31. Nd1 {[%clk 01:44:21]} {[%emt 00:00:17]} Nb3 {[%clk 01:44:45]} 32. Qe3
{[%clk 01:44:50]} {[%emt 00:00:01]} Nd4 {[%clk 01:45:12]} {[%emt 00:00:03]} 33.
Qe4 {[%clk 01:45:19]} Nb3 {[%clk 01:45:36]} {[%emt 00:00:06]} 34. Qc2 {[%clk
01:45:47]} {[%emt 00:00:02]} Nd4 {[%emt 00:00:03]} 35. Qc1 {[%clk 01:46:16]}
Kh7 {[%clk 01:46:31]} {[%emt 00:00:03]} 36. Nc3 {[%clk 01:46:40]} {[%emt
00:00:06]} Bh6 {[%clk 01:47:00]} {[%emt 00:00:01]} 37. Qb1 {[%clk 01:46:36]}
{[%emt 00:00:32]} Re8 {[%clk 01:47:24]} {[%emt 00:00:07]} 38. b4 {[%clk
01:47:05]} Rf8 {[%clk 01:47:53]} 39. Qb2 {[%clk 01:47:34]} {[%emt 00:00:01]}
Bg7 {[%clk 01:48:18]} {[%emt 00:00:05]} 1/2-1/2

[Event "Senior Women Russian Championship 2022_HL"]
[Site "Saint-Petersburg, Russia"]
[Date "2022.09.29"]
[Round "6.1"]
[White "Ivanova, Tatiana"]
[Black "Strutinskaia, Galina"]
[Result "0-1"]
[TimeControl "Standard: 90min/40moves+30min/end+30sec increment per move starting from move 1"]
[WhiteElo "2127"]
[BlackElo "2097"]

1. d4 {[%clk 01:30:57]} {[%emt 00:00:02]} Nf6 {[%clk 01:30:58]} {[%emt
00:00:01]} 2. Nc3 {[%clk 01:31:24]} {[%emt 00:00:04]} d5 {[%clk 01:31:27]}
{[%emt 00:00:01]} 3. Bf4 {[%clk 01:31:51]} {[%emt 00:00:03]} a6 {[%clk
01:31:55]} {[%emt 00:00:02]} 4. e3 {[%clk 01:32:19]} {[%emt 00:00:02]} e6
{[%clk 01:32:23]} {[%emt 00:00:02]} 5. g4 {[%clk 01:32:47]} {[%emt 00:00:02]}
c5 {[%clk 01:32:52]} 6. g5 {[%clk 01:33:14]} {[%emt 00:00:03]} Nfd7 {[%clk
01:33:21]} {[%emt 00:00:01]} 7. h4 {[%clk 01:33:42]} {[%emt 00:00:02]} Nc6
{[%clk 01:33:49]} {[%emt 00:00:02]} 8. Nf3 {[%clk 01:34:09]} {[%emt 00:00:03]}
b5 {[%clk 01:34:18]} 9. h5 {[%clk 01:34:37]} {[%emt 00:00:02]} h6 {[%clk
01:34:47]} {[%emt 00:00:01]} 10. Bh3 {[%clk 01:35:05]} {[%emt 00:00:02]} hxg5
{[%clk 01:35:15]} {[%emt 00:00:02]} 11. Nxg5 {[%clk 01:35:32]} {[%emt
00:00:03]} Nf6 {[%clk 01:35:43]} 12. Bg2 {[%clk 01:36:00]} {[%emt 00:00:03]}
Bb7 {[%clk 01:36:12]} 13. h6 {[%clk 01:36:26]} {[%emt 00:00:04]} Rxh6 {[%clk
01:36:40]} {[%emt 00:00:03]} 14. Rxh6 {[%clk 01:36:54]} {[%emt 00:00:02]} gxh6
{[%clk 01:37:07]} {[%emt 00:00:02]} 15. Nf3 {[%clk 01:37:21]} {[%emt 00:00:04]}
c4 {[%clk 01:37:36]} 16. Ne5 {[%clk 01:37:48]} {[%emt 00:00:03]} Qe7 {[%clk
01:38:04]} {[%emt 00:00:03]} 17. Qf3 {[%clk 01:38:16]} {[%emt 00:00:02]} Ne4
{[%clk 01:38:30]} {[%emt 00:00:03]} 18. Nxe4 {[%clk 01:38:44]} {[%emt
00:00:03]} dxe4 {[%clk 01:38:55]} {[%emt 00:00:05]} 19. Qxe4 {[%clk 01:39:12]}
{[%emt 00:00:02]} Na5 {[%clk 01:39:24]} {[%emt 00:00:02]} 20. Qh7 {[%clk
01:39:38]} {[%emt 00:00:03]} Bxg2 {[%clk 01:39:49]} {[%emt 00:00:05]} 21. f3
{[%clk 01:40:05]} {[%emt 00:00:04]} O-O-O {[%clk 01:40:16]} {[%emt 00:00:04]}
22. c3 {[%clk 01:40:32]} {[%emt 00:00:02]} Bh3 {[%clk 01:40:44]} 23. b4 {[%clk
01:40:55]} {[%emt 00:00:03]} f6 {[%clk 01:41:10]} {[%emt 00:00:09]} 24. Qxe7
{[%clk 01:41:24]} {[%emt 00:00:02]} Bxe7 {[%clk 01:41:37]} {[%emt 00:00:02]} 25.
Ng6 {[%clk 01:41:50]} {[%emt 00:00:04]} Nc6 {[%clk 01:42:04]} {[%emt 00:00:03]}
26. a4 {[%clk 01:42:18]} {[%emt 00:00:02]} Rg8 {[%clk 01:42:33]} {[%emt
00:00:02]} 27. axb5 {[%clk 01:42:45]} {[%emt 00:00:03]} Rxg6 {[%clk 01:43:00]}
{[%emt 00:00:02]} 28. Rxa6 {[%clk 01:43:13]} {[%emt 00:00:03]} Nd8 {[%clk
01:43:29]} 29. Ra7 {[%clk 01:43:33]} {[%emt 00:00:10]} e5 {[%clk 01:43:55]}
{[%emt 00:00:04]} 30. Rxe7 {[%clk 01:43:59]} {[%emt 00:00:04]} exf4 {[%clk
01:44:23]} {[%emt 00:00:03]} 31. exf4 {[%clk 01:44:04]} {[%emt 00:00:24]} Be6
{[%clk 01:44:50]} {[%emt 00:00:03]} 32. b6 {[%clk 01:44:32]} {[%emt 00:00:02]}
f5 {[%clk 01:45:18]} {[%emt 00:00:02]} 33. Kf2 {[%clk 01:45:00]} {[%emt
00:00:02]} 0-1

[Event "Senior Women Russian Championship 2022_HL"]
[Site "Saint-Petersburg, Russia"]
[Date "2022.09.29"]
[Round "6.5"]
[White "Mednikova, Svetlana"]
[Black "Gladisheva, Tatjana"]
[Result "1/2-1/2"]
[TimeControl "Standard: 90min/40moves+30min/end+30sec increment per move starting from move 1"]
[WhiteElo "2092"]
[BlackElo "2162"]

1. e4 {[%clk 01:30:58]} {[%emt 00:00:02]} e5 {[%clk 01:30:58]} {[%emt
00:00:02]} 2. Nf3 {[%clk 01:31:25]} {[%emt 00:00:02]} d5 {[%clk 01:31:15]}
{[%emt 00:00:13]} 3. Nxe5 {[%clk 01:31:53]} {[%emt 00:00:02]} Bd6 {[%clk
01:31:42]} {[%emt 00:00:03]} 4. d4 {[%clk 01:32:22]} {[%emt 00:00:02]} dxe4
{[%clk 01:32:10]} {[%emt 00:00:01]} 5. Nc4 {[%clk 01:32:49]} {[%emt 00:00:04]}
Nf6 {[%clk 01:32:38]} {[%emt 00:00:01]} 6. Nc3 {[%clk 01:33:17]} {[%emt
00:00:03]} Bf5 {[%clk 01:33:05]} {[%emt 00:00:02]} 7. Bg5 {[%clk 01:33:44]}
{[%emt 00:00:03]} Be7 {[%clk 01:33:32]} {[%emt 00:00:03]} 8. Qd2 {[%clk
01:34:11]} {[%emt 00:00:03]} O-O {[%clk 01:33:58]} {[%emt 00:00:04]} 9. O-O-O
{[%clk 01:34:39]} {[%emt 00:00:02]} c6 {[%clk 01:34:26]} {[%emt 00:00:02]} 10.
h3 {[%clk 01:35:07]} {[%emt 00:00:03]} Nd5 {[%clk 01:34:52]} {[%emt 00:00:03]}
11. Bxe7 {[%clk 01:35:19]} {[%emt 00:00:18]} Qxe7 {[%clk 01:35:09]} {[%emt
00:00:13]} 12. g4 {[%clk 01:35:36]} {[%emt 00:00:14]} Nxc3 {[%clk 01:35:37]}
{[%emt 00:00:02]} 13. Qxc3 {[%clk 01:36:03]} {[%emt 00:00:03]} Be6 {[%clk
01:35:54]} {[%emt 00:00:13]} 14. Kb1 {[%clk 01:36:29]} {[%emt 00:00:04]} f5
{[%clk 01:36:22]} {[%emt 00:00:01]} 15. Ne5 {[%clk 01:36:55]} {[%emt 00:00:04]}
Nd7 {[%clk 01:36:40]} {[%emt 00:00:13]} 16. Bc4 {[%clk 01:37:13]} {[%emt
00:00:12]} Rae8 {[%clk 01:37:04]} {[%emt 00:00:06]} 17. Bxe6+ {[%clk 01:37:40]}
{[%emt 00:00:03]} Qxe6 {[%clk 01:37:31]} {[%emt 00:00:03]} 18. gxf5 {[%clk
01:38:03]} {[%emt 00:00:06]} Rxf5 {[%clk 01:37:58]} {[%emt 00:00:03]} 19. Nxd7
{[%clk 01:38:29]} {[%emt 00:00:05]} Qxd7 {[%clk 01:38:23]} {[%emt 00:00:04]} 20.
Qg3 {[%emt 00:00:08]} Rf3 {[%clk 01:38:49]} 21. Qh4 {[%clk 01:39:19]} {[%emt
00:00:05]} Qf5 {[%clk 01:39:17]} {[%emt 00:00:02]} 22. Rd2 {[%clk 01:39:46]}
{[%emt 00:00:04]} Rf8 {[%clk 01:39:45]} {[%emt 00:00:02]} 23. Re2 {[%clk
01:40:08]} {[%emt 00:00:08]} Rf4 {[%clk 01:40:13]} {[%emt 00:00:02]} 24. Qe7
{[%clk 01:40:28]} {[%emt 00:00:10]} Rxf2 {[%clk 01:40:42]} {[%emt 00:00:01]} 25.
Rxf2 {[%clk 01:40:56]} {[%emt 00:00:02]} Qxf2 {[%clk 01:41:09]} {[%emt
00:00:02]} 26. Qxe4 {[%clk 01:41:21]} {[%emt 00:00:05]} Qf1+ {[%clk 01:41:13]}
{[%emt 00:00:24]} 27. Qe1 {[%clk 01:41:50]} {[%emt 00:00:05]} Qxe1+ {[%clk
01:41:40]} {[%emt 00:00:02]} 28. Rxe1 {[%clk 01:42:17]} {[%emt 00:00:03]}
1/2-1/2

[Event "Senior Women Russian Championship 2022_HL"]
[Site "Saint-Petersburg, Russia"]
[Date "2022.09.29"]
[Round "6.7"]
[White "Titorenko, Natalia I"]
[Black "Saunina, Ludmila"]
[Result "1/2-1/2"]
[TimeControl "Standard: 90min/40moves+30min/end+30sec increment per move starting from move 1"]
[WhiteElo "2024"]
[BlackElo "1902"]

1. e4 {[%clk 01:30:55]} {[%emt 00:00:05]} e6 {[%clk 01:30:58]} {[%emt
00:00:02]} 2. d4 {[%clk 01:31:23]} {[%emt 00:00:03]} d5 {[%clk 01:31:27]} 3.
Nc3 {[%clk 01:31:50]} {[%emt 00:00:03]} Nf6 {[%clk 01:31:53]} {[%emt 00:00:04]}
4. e5 {[%clk 01:32:17]} {[%emt 00:00:03]} Nfd7 {[%clk 01:32:22]} {[%emt
00:00:01]} 5. f4 {[%clk 01:32:45]} {[%emt 00:00:02]} c5 {[%clk 01:32:50]}
{[%emt 00:00:02]} 6. Nf3 {[%clk 01:33:14]} {[%emt 00:00:01]} Nc6 {[%clk
01:33:19]} {[%emt 00:00:01]} 7. Be3 {[%clk 01:33:42]} {[%emt 00:00:02]} a6
{[%clk 01:33:48]} {[%emt 00:00:02]} 8. Ne2 {[%clk 01:34:11]} cxd4 {[%clk
01:34:15]} {[%emt 00:00:02]} 9. Nexd4 {[%clk 01:34:39]} {[%emt 00:00:01]} Nc5
{[%clk 01:34:42]} {[%emt 00:00:03]} 10. c3 {[%clk 01:35:08]} Bd7 {[%clk
01:35:09]} {[%emt 00:00:04]} 11. Nb3 {[%clk 01:35:37]} Nxb3 {[%clk 01:35:36]}
{[%emt 00:00:02]} 12. axb3 {[%clk 01:36:04]} {[%emt 00:00:03]} f5 {[%clk
01:36:30]} {[%emt 00:00:07]} 13. b4 {[%clk 01:37:02]} {[%emt 00:00:02]} Be7
{[%clk 01:36:57]} {[%emt 00:00:03]} 14. Qd2 {[%clk 01:37:29]} {[%emt 00:00:02]}
O-O {[%clk 01:37:23]} {[%emt 00:00:04]} 15. Qf2 {[%clk 01:37:58]} {[%emt
00:00:01]} Be8 {[%clk 01:37:50]} {[%emt 00:00:03]} 16. Bb6 {[%clk 01:38:27]}
Qc8 {[%clk 01:38:18]} {[%emt 00:00:03]} 17. Bd3 {[%clk 01:38:55]} {[%emt
00:00:01]} Bh5 {[%clk 01:38:46]} {[%emt 00:00:02]} 18. Nd2 {[%clk 01:39:23]}
{[%emt 00:00:02]} g5 {[%clk 01:39:14]} {[%emt 00:00:03]} 19. g3 {[%clk
01:39:49]} {[%emt 00:00:04]} Kh8 {[%clk 01:39:42]} {[%emt 00:00:02]} 20. Nb3
{[%clk 01:40:17]} {[%emt 00:00:02]} Rg8 {[%clk 01:40:10]} {[%emt 00:00:02]} 21.
Kd2 {[%clk 01:40:45]} {[%emt 00:00:02]} Rg7 {[%clk 01:40:38]} {[%emt 00:00:02]}
22. Rhg1 {[%clk 01:41:14]} Qe8 {[%clk 01:41:06]} {[%emt 00:00:02]} 23. h3
{[%clk 01:41:41]} {[%emt 00:00:02]} gxf4 {[%clk 01:41:33]} {[%emt 00:00:04]} 24.
gxf4 {[%clk 01:42:09]} {[%emt 00:00:02]} Rg6 {[%clk 01:41:59]} 25. Be2 {[%clk
01:42:09]} Bxe2 {[%clk 01:41:59]} 26. Qxe2 {[%clk 01:42:09]} Rg7 {[%clk
01:41:59]} {[%emt 00:00:04]} 27. Qf2 {[%clk 01:42:36]} {[%emt 00:00:03]}
1/2-1/2

[Event "Senior Women Russian Championship 2022_HL"]
[Site "Saint-Petersburg, Russia"]
[Date "2022.09.29"]
[Round "6.8"]
[White "Ovsiannikova, Tatiana"]
[Black "Grigoryeva, Olga"]
[Result "1-0"]
[TimeControl "Standard: 90min/40moves+30min/end+30sec increment per move starting from move 1"]
[WhiteElo "2009"]
[BlackElo "1940"]

1. d4 {[%clk 01:30:58]} {[%emt 00:00:01]} d5 {[%clk 01:30:59]} {[%emt
00:00:02]} 2. c4 {[%clk 01:31:27]} {[%emt 00:00:01]} c6 {[%clk 01:31:27]} 3. e3
{[%clk 01:31:56]} {[%emt 00:00:02]} Nf6 {[%clk 01:31:55]} {[%emt 00:00:02]} 4.
Nc3 {[%clk 01:32:24]} {[%emt 00:00:02]} a6 {[%clk 01:32:24]} {[%emt 00:00:01]}
5. c5 {[%clk 01:32:52]} {[%emt 00:00:02]} Bg4 {[%clk 01:32:51]} {[%emt
00:00:02]} 6. Qb3 {[%clk 01:33:21]} {[%emt 00:00:02]} Qc7 {[%clk 01:33:20]}
{[%emt 00:00:01]} 7. Bd3 {[%clk 01:33:49]} {[%emt 00:00:02]} e5 {[%clk
01:33:48]} {[%emt 00:00:02]} 8. h3 {[%clk 01:34:17]} {[%emt 00:00:01]} Be6
{[%clk 01:34:17]} {[%emt 00:00:02]} 9. Bd2 {[%clk 01:34:45]} {[%emt 00:00:02]}
Nbd7 {[%clk 01:34:45]} {[%emt 00:00:02]} 10. O-O-O {[%clk 01:35:13]} {[%emt
00:00:03]} Nxc5 {[%clk 01:35:12]} {[%emt 00:00:03]} 11. dxc5 {[%clk 01:35:41]}
{[%emt 00:00:02]} d4 {[%clk 01:35:40]} {[%emt 00:00:02]} 12. Bc4 {[%clk
01:36:09]} {[%emt 00:00:02]} dxc3 {[%clk 01:36:08]} {[%emt 00:00:02]} 13. Bxc3
{[%clk 01:36:37]} {[%emt 00:00:02]} Bxc4 {[%clk 01:36:34]} {[%emt 00:00:05]} 14.
Qxc4 {[%clk 01:37:05]} {[%emt 00:00:01]} Nd5 {[%clk 01:37:02]} {[%emt
00:00:03]} 15. Bd2 {[%clk 01:37:32]} {[%emt 00:00:03]} Be7 {[%clk 01:37:30]}
{[%emt 00:00:01]} 16. e4 {[%clk 01:38:01]} {[%emt 00:00:02]} Nf6 {[%clk
01:37:58]} {[%emt 00:00:02]} 17. Nf3 {[%clk 01:38:27]} {[%emt 00:00:03]} O-O
{[%clk 01:38:24]} {[%emt 00:00:04]} 18. Bc3 {[%clk 01:38:55]} {[%emt 00:00:02]}
Nd7 {[%clk 01:38:52]} {[%emt 00:00:02]} 19. Rd2 {[%clk 01:39:23]} {[%emt
00:00:03]} Rad8 {[%clk 01:39:21]} {[%emt 00:00:01]} 20. Rhd1 {[%clk 01:39:51]}
{[%emt 00:00:02]} h6 {[%clk 01:39:49]} {[%emt 00:00:02]} 21. h4 {[%clk
01:40:19]} {[%emt 00:00:02]} g5 {[%clk 01:40:15]} {[%emt 00:00:04]} 22. hxg5
{[%clk 01:40:47]} {[%emt 00:00:02]} hxg5 {[%clk 01:40:43]} {[%emt 00:00:02]} 23.
Kb1 {[%clk 01:41:11]} {[%emt 00:00:06]} g4 {[%clk 01:41:11]} {[%emt 00:00:01]}
24. Nh2 {[%clk 01:41:39]} {[%emt 00:00:02]} Nxc5 {[%clk 01:41:38]} {[%emt
00:00:03]} 25. Nxg4 {[%clk 01:42:06]} {[%emt 00:00:03]} Rxd2 {[%clk 01:42:01]}
{[%emt 00:00:07]} 26. Rxd2 {[%clk 01:42:33]} {[%emt 00:00:04]} b5 {[%clk
01:42:29]} {[%emt 00:00:01]} 27. Qe2 {[%clk 01:43:01]} {[%emt 00:00:02]} f6
{[%clk 01:42:58]} {[%emt 00:00:01]} 28. Nh6+ {[%clk 01:43:29]} {[%emt
00:00:03]} Kg7 {[%clk 01:43:26]} {[%emt 00:00:01]} 29. Nf5+ {[%clk 01:43:58]}
{[%emt 00:00:02]} Kf7 {[%clk 01:43:55]} {[%emt 00:00:01]} 30. Qh5+ {[%clk
01:44:25]} {[%emt 00:00:03]} Ke6 {[%clk 01:44:21]} {[%emt 00:00:04]} 31. Ng7#
{[%clk 01:44:53]} {[%emt 00:00:01]} Kd5 {[%emt 00:00:04]} 1-0